Normal view
MARC view
- Snails
Entry Topical Term
001 - CONTROL NUMBER
- control field: 86727
003 - CONTROL NUMBER IDENTIFIER
- control field: OSt
005 - DATE AND TIME OF LATEST TRANSACTION
- control field: 20251007101323.0
008 - FIXED-LENGTH DATA ELEMENTS
- fixed length control field: 251007|| aca||aabn | a|a d
040 ## - CATALOGING SOURCE
- Original cataloging agency: OSt
- Transcribing agency: OSt
150 ## - HEADING--TOPICAL TERM
- Topical term or geographic name as entry element: Snails
- Form subdivision: Juvenile literature
670 ## - SOURCE DATA FOUND
- Source citation: Work cat.: (OSt)49611: McCloskey, Kevin, author, illustrator. 86726, Snails are just my speed! /, May 1, 2018.